| 000 | 00758 am a2200241 a 4500 | ||
|---|---|---|---|
| 005 | 20240527114818.0 | ||
| 008 | 100607n200?||||ag d f |||| 000 0 spa d | ||
| 020 | _aS/N | ||
| 041 | _aspa | ||
| 092 |
_c618.92 _l65 _sPAG |
||
| 100 | 1 |
_aPaganini, Hugo R. _9627 |
|
| 245 | 4 |
_aLas infecciones en pediatría. _bDiagnóstico y terapéutica / _cHugo R. Paganini. |
|
| 250 | _a1a ed. | ||
| 260 |
_aBuenos Aires: _bS/N; _c2000?. |
||
| 300 | _a212 p. | ||
| 500 | _aPaganini, H. R. (2000?). Las infecciones en pediatría. Diagnóstico y terapéutica. (1a ed.). Buenos Aires : S/N. | ||
| 590 | _aDonación Dr. Paganini, Junio 2010 | ||
| 653 | _aPediatría | ||
| 653 | _aDiagnostico y terapéutica | ||
| 653 | _aInfecciones | ||
| 930 | _a2133 | ||
| 942 |
_2ddc _cBK |
||
| 999 |
_c349 _d349 |
||